Chess GM per Million Population - Statistics

General Stats
  • This quiz has been taken 52 times
  • The average score is 4 of 10
Answer Stats
Hint Answer % Correct
29.63 Iceland
75%
5.66 Armenia
52%
4.05 Croatia
40%
4.32 Georgia
40%
3.93 Latvia
38%
3.57 Hungary
33%
4.68 Israel
33%
4.48 Slovenia
33%
12.21 Andorra
29%
2.99 Bulgaria
25%
No matching quizzes found
Score Distribution
Percent of People with Each Score
Percentile by Number Answered
Your Score History
You have not taken this quiz